[Event "GER-ch U14"]
[Site "Willingen"]
[Date "2003.06.11"]
[Round "7"]
[White "Lieder, Konrad"]
[Black "Klein, Felix"]
[Result "1/2-1/2"]
[WhiteElo "2123"]
[BlackElo "1798"]
[PlyCount "99"]
[EventDate "2003.06.08"]
[EventType "swiss"]
[EventRounds "9"]
[EventCountry "GER"]
[SourceTitle "CBM 094 Extra"]
[Source "ChessBase"]
[SourceDate "2003.07.09"]
[SourceVersion "2"]
[SourceVersionDate "2003.07.09"]
[SourceQuality "1"]

1. d4 d5 2. c4 e6 3. Nc3 c6 4. Nf3 dxc4 5. a4 Bb4 6. Bd2 b5 7. axb5 Bxc3 8. Bxc3 cxb5 9. b3 cxb3 10. e3 Qd5 11. Nd2 Nf6 12. f3 0-0 13. e4 Qb7 14. Qxb3 a6 15. Qb2 Nbd7 16. Be2 Nb6 17. Bb4 Rd8 18. Nb3 Na4 19. Qd2 Qd7 20. Ba5 Re8 21. 0-0 Bb7 22. Rfb1 Rab8 23. Bd3 Rec8 24. Ra2 Rc6 25. Rc2 Rxc2 26. Bxc2 Ba8 27. Qd3 Ne8 28. Nd2 Nb6 29. Kf2 Nd6 30. g4 g6 31. Bb3 Qa7 32. Ke2 Re8 33. h4 h6 34. h5 g5 35. e5 Ndc4 36. Bxb6 Nxb6 37. Bc2 f5 38. gxf5 Nd5 39. Kf2 exf5 40. Re1 Rf8 41. Bb3 Kg7 42. e6 Qe7 43. Qe2 Qd6 44. Qe5+ Qxe5 45. Rxe5 Ne7 46. Rc5 Rd8 47. Ke3 Kf6 48. Rc7 Bd5 49. Rd7 Bxb3 50. Rxd8 1/2-1/2

[Event "GER-ch U14"]
[Site "Willingen"]
[Date "2003.06.10"]
[Round "6"]
[White "Rietze, Clemens"]
[Black "Lieder, Konrad"]
[Result "0-1"]
[WhiteElo "1716"]
[BlackElo "2123"]
[PlyCount "46"]
[EventDate "2003.06.08"]
[EventType "swiss"]
[EventRounds "9"]
[EventCountry "GER"]
[SourceTitle "CBM 094 Extra"]
[Source "ChessBase"]
[SourceDate "2003.07.09"]
[SourceVersion "2"]
[SourceVersionDate "2003.07.09"]
[SourceQuality "1"]

1. e4 Nf6 2. e5 Nd5 3. d4 d6 4. c4 Nb6 5. f4 dxe5 6. fxe5 Nc6 7. Be3 Bf5 8. Nc3 e6 9. Nf3 Qd7 10. Be2 0-0-0 11. c5 Nd5 12. Nxd5 Qxd5 13. Qd2 f6 14. exf6 gxf6 15. b4 Rg8 16. Kf2 Be4 17. b5 Nxd4 18. Nxd4 Rxg2+ 19. Ke1 Rxe2+ 20. Qxe2 Bxh1 21. c6 Bb4+ 22. Kf1 Bc3 23. cxb7+ Kxb7 0-1

[Event "GER-ch U14"]
[Site "Willingen"]
[Date "2003.06.09"]
[Round "3"]
[White "Lieder, Konrad"]
[Black "Baldauf, Marco"]
[Result "0-1"]
[WhiteElo "2123"]
[BlackElo "2093"]
[PlyCount "57"]
[EventDate "2003.06.08"]
[EventType "swiss"]
[EventRounds "9"]
[EventCountry "GER"]
[SourceTitle "CBM 094 Extra"]
[Source "ChessBase"]
[SourceDate "2003.07.09"]
[SourceVersion "2"]
[SourceVersionDate "2003.07.09"]
[SourceQuality "1"]

1. d4 Nf6 2. c4 c5 3. d5 a6 4. Nc3 b5 5. cxb5 axb5 6. Nxb5 Qa5+ 7. Nc3 Bb7 8. Bd2 Qb6 9. e4 e6 10. dxe6 fxe6 11. Bd3 Nc6 12. Nf3 Nb4 13. Bb1 Ba6 14. Be3 Be7 15. a3 Nc6 16. b4 Qb7 17. e5 Ng4 18. bxc5 Ngxe5 19. Nxe5 Nxe5 20. Be4 Qb2 21. Na4 Qb5 22. Nb6 Rd8 23. Rc1 0-0 24. f4 d5 25. Bb1 d4 26. a4 Qb2 27. Qd2 Qb3 28. Bf2 Bxc5 29. fxe5 0-1